[Event "Wroclaw Anderssen Memorial op-C"]
[Site "Wroclaw"]
[Date "2023.??.??"]
[Round "3"]
[White "Nagly, Malgorzata"]
[Black "Stach, Wojciech"]
[Result "0-1"]
[WhiteElo "1014"]
[BlackElo "1245"]
[PlyCount "116"]
[EventDate "2023.08.06"]
[EventType "swiss"]
[EventRounds "9"]
[EventCountry "POL"]
[SourceTitle "EXT 2024"]
[Source "ChessBase"]
[SourceDate "2023.10.10"]
[SourceVersion "1"]
[SourceVersionDate "2023.10.10"]
[SourceQuality "1"]

1. e4 e5 2. Nf3 Nf6 3. Nxe5 d6 4. Nf3 Nxe4 5. d4 d5 6. Bd3 Bd6 7. 0-0 0-0 8. b3 c6 9. c4 Nf6 10. Nc3 h6 11. Bb2 Bg4 12. Bc2 Nbd7 13. Qd3 Re8 14. h3 Bh5 15. Nh4 Nf8 16. f4 Ne4 17. Nf5 Bc7 18. Rae1 Bg6 19. Nxh6+ gxh6 20. f5 Bh7 21. Nxe4 Rxe4 22. Rxe4 dxe4 23. Qxe4 f6 24. Qg4+ Kh8 25. Qh5 Nd7 26. Qxh6 Qf8 27. Qh4 Qg7 28. Bc1 Re8 29. g4 Qe7 30. Bd3 c5 31. g5 fxg5 32. Bxg5 Rg8 33. f6 Qf7 34. Bxh7 Qxh7 35. Qxh7+ Kxh7 36. h4 Bd8 37. Kh2 Rf8 38. dxc5 Bxf6 39. Rd1 Nxc5 40. Rd5 Bxg5 41. hxg5 Rc8 42. Kg3 Kg6 43. Kf4 Ne6+ 44. Kg4 Rc6 45. Rd7 Rb6 46. Rd5 Ra6 47. a4 Rb6 48. Rb5 Rxb5 49. cxb5 Nd4 50. a5 Nxb3 51. a6 b6 52. Kf4 Nd4 53. Ke3 Nxb5 54. Kd3 Nc7 55. Kc4 Nxa6 56. Kb5 Nc7+ 57. Ka4 b5+ 58. Kb4 Kxg5 0-1

[Event "Wroclaw Anderssen Memorial op-C"]
[Site "Wroclaw"]
[Date "2023.??.??"]
[Round "6"]
[White "Stach, Wojciech"]
[Black "Chaber, Dominik"]
[Result "1/2-1/2"]
[WhiteElo "1245"]
[BlackElo "1393"]
[PlyCount "112"]
[EventDate "2023.08.06"]
[EventType "swiss"]
[EventRounds "9"]
[EventCountry "POL"]
[SourceTitle "EXT 2024"]
[Source "ChessBase"]
[SourceDate "2023.10.10"]
[SourceVersion "1"]
[SourceVersionDate "2023.10.10"]
[SourceQuality "1"]

1. d4 Nf6 2. c4 c5 3. d5 d6 4. Nc3 e6 5. e4 exd5 6. exd5 g6 7. Qe2+ Qe7 8. Bg5 Qxe2+ 9. Bxe2 Nfd7 10. Nb5 Na6 11. Nf3 f6 12. Bf4 Ne5 13. 0-0 Bd7 14. Nc3 Be7 15. a3 Kf7 16. Nxe5+ fxe5 17. Bd2 Nc7 18. f4 exf4 19. Bxf4 Kg7 20. Ne4 Ne8 21. Bd2 Rf8 22. Rxf8 Bxf8 23. Bc3+ Kg8 24. Rf1 Bf5 25. Ng3 Bd7 26. Bd3 Bg7 27. Bxg7 Kxg7 28. Re1 Kf8 29. Ne4 Bf5 30. Nf2 Bxd3 31. Nxd3 Nc7 32. Kf2 Re8 33. Rxe8+ Kxe8 34. Kf3 Ke7 35. h4 Kf6 36. Ke4 b5 37. b3 bxc4 38. bxc4 Na8 39. Nf2 Nb6 40. Ng4+ Kf7 41. Ne3 h5 42. Kf4 Kf6 43. g4 hxg4 44. Nxg4+ Kg7 45. Ne3 Kf6 46. Kg4 a6 47. Kf4 Nd7 48. Ng4+ Kg7 49. Ke3 Nb6 50. Kd3 Kf7 51. Kc3 Kg7 52. Kb3 Kf7 53. Kc3 Na4+ 54. Kb3 Nb6 55. Kc3 Na4+ 56. Kb3 Nb6 1/2-1/2

[Event "Wroclaw Anderssen Memorial op-C"]
[Site "Wroclaw"]
[Date "2023.??.??"]
[Round "4"]
[White "Stach, Wojciech"]
[Black "Vancakova, Veronika"]
[Result "1-0"]
[WhiteElo "1245"]
[BlackElo "1552"]
[PlyCount "108"]
[EventDate "2023.08.06"]
[EventType "swiss"]
[EventRounds "9"]
[EventCountry "POL"]
[SourceTitle "EXT 2024"]
[Source "ChessBase"]
[SourceDate "2023.10.10"]
[SourceVersion "1"]
[SourceVersionDate "2023.10.10"]
[SourceQuality "1"]

1. d4 Nf6 2. c4 g6 3. Nf3 Bg7 4. e3 0-0 5. Be2 d5 6. Nc3 h6 7. cxd5 Nxd5 8. Bd2 Nxc3 9. Bxc3 Nd7 10. 0-0 c5 11. Rc1 cxd4 12. Nxd4 e5 13. Nb5 Nb6 14. Bb4 Bd7 15. Bxf8 Qxf8 16. Qd6 e4 17. Qxf8+ Kxf8 18. Nd4 Rd8 19. Rfd1 Be5 20. b3 a6 21. Nc2 Ke7 22. Nb4 Ke6 23. f4 Bd6 24. Nc2 Ke7 25. g4 Rc8 26. Nd4 Rxc1 27. Rxc1 Nd5 28. Kf2 Nb4 29. Ra1 Nd5 30. h3 Nb4 31. a3 Nd5 32. b4 Bc7 33. Bc4 Nb6 34. Bb3 Bd6 35. Rd1 Nc8 36. Ne2 Bb8 37. Nc3 Nd6 38. Rd4 Ba7 39. Rd1 Bb8 40. Nd5+ Kf8 41. Nf6 Bb5 42. Bd5 Bd3 43. Nd7+ Ke7 44. Nxb8 Kd8 45. Rc1 Bb5 46. h4 Bd3 47. Ke1 f6 48. Kd2 Bb5 49. Bb3 Bd3 50. Rc5 Nb5 51. Rd5+ Kc7 52. Nd7 Nxa3 53. Nxf6 Nb1+ 54. Kc1 Na3 1-0